Orelsan quiz - Statistiques

Statistiques générales
  • Ce quiz a été pris 143 fois
  • Le résultat moyen est 15 sur 20
Statistiques - réponses
Question Réponse % Correct
Comment s'appelle t'il Aurélien
99%
Quel est sa ville d'enfance Caen
93%
Civilisation
92%
Skread
91%
Quel est son nom de famille Cotentin
88%
Gringe
88%
La fête est finie
86%
Le chant des sirènes
85%
Yoroï
84%
Combien il y a t'il de saisons 2
82%
La fuite en avant
81%
Qui sont ceux qui l'ont aidé a devenir chanteur Ablaye
79%
Quel est le nom de ces albums Perdu d'avance
79%
Quel est le nom du groupe avec qui il chante avec l'un d'eux Casseurs flowters
76%
Comment s'appelle son frère Clément
71%
Comment s'appelle la série de kyan kojandis sur canal+ Bloqués
69%
Ou travaillait Orelsan avant de devenir chanteur Dans un hôtel
69%
Quel est le nom de ses deux films Comment c'est loin
68%
Comment s'appelle la série filmé par son frère Ne montre jamais ça a personne
43%
Quel est sa chanson la plus écouté sur Spotify Rêves bizarres
15%
Aucun quiz correspondant
Distribution des résultats
% des personnes avec chaque résultat
Percentile par nombre de réponses
Votre historique - résultats
Vous n’avez pas pris ce quiz